Landen van Azië - Sprint van Één Minuut - Statistieken

Algemene statistieken
  • Deze quiz is 3.422 keer genomen
  • De gemiddelde score is 26 van 48
Antwoorden op de kaart
Antwoorden kleurgecodeerd door een groen-rode schaal op de quizkaart volgens % correct hieronder.
 
Antwoordstatistieken
Land % Correct
China
96%
India
91%
Japan
86%
Mongolië
81%
Iran
79%
Irak
78%
Turkije
75%
Jemen
71%
Oman
71%
Kazachstan
70%
Indonesië
68%
Pakistan
67%
Nepal
65%
Noord-Korea
64%
Zuid-Korea
64%
Thailand
63%
Vietnam
62%
Israël
58%
Saoedi-Arabië
58%
Laos
57%
Bhutan
56%
Qatar
56%
Syrië
55%
Afghanistan
54%
Sri Lanka
49%
Verenigde Arabische Emiraten
48%
Myanmar
47%
Taiwan
47%
Jordanië
46%
Bahrein
45%
Filipijnen
45%
Armenië
44%
Bangladesh
44%
Georgië
44%
Cambodja
43%
Maleisië
43%
Cyprus
41%
Koeweit
41%
Oezbekistan
40%
Brunei
39%
Singapore
39%
Turkmenistan
39%
Libanon
38%
Kirgizië
37%
Azerbeidzjan
33%
Maldiven
32%
Tadzjikistan
29%
Oost-Timor
28%
Geen overeenkomende quizzen gevonden
Scoreverdeling
Procent van Mensen met Elke Score
Percentiel versus Aantal Correcte Antwoorden
Uw Scoregeschiedenis
U heeft deze quiz nog niet genomen